| 000 | 01262nam a22002777i 4500 | ||
|---|---|---|---|
| 999 |
_c22754 _d22754 |
||
| 003 | AR-CdUCM | ||
| 008 | 240111b20222022pe ||||| |||| 00| 0 spa d | ||
| 040 |
_aMUNICIPALIDAD PROVINCIAL DEL CUSCO _cBIBLIOTECA MUNICIPAL DEL CUSCO |
||
| 041 | _hspa | ||
| 082 |
_a343.2 / T41 _bT41 |
||
| 100 |
_a Terrazas González, Dunia Victoria _949283 |
||
| 245 | _aBalotario Constitucional Notarial - Una recopilación desde la jurisprudencia del Tribunal Constitucional / | ||
| 260 |
_aCusco : _c2022 |
||
| 300 |
_a138 páginas. : _c30 cm. |
||
| 500 | _zBibliografía: páginas 137-138 | ||
| 505 | _aLa constitución -- Derechos constitucionales -- Igualdad ante la ley -- Servicios informáticos -- Libertad de conciencia y de religión -- Inviolabilidad de sus comunicaciones -- A trabajar libremente -- A la propiedad y a la herencia -- A su identidad étnica y cultural -- A la inviolabilidad del domicilio | ||
| 650 |
_aDerechos constitucionales _949284 |
||
| 650 |
_aIgualdad ante la ley _949285 |
||
| 650 |
_aLibertades _949286 |
||
| 650 |
_aHonor _949287 |
||
| 650 |
_aReputación _94824 |
||
| 650 |
_aLibertad intelectual _949288 |
||
| 650 |
_aConvicciones políticas, filosóficas, religiosas _949289 |
||
| 942 |
_2ddc _cLIBROS |
||
| 945 |
_apbj _d11-01-2024 |
||